Statistics for Largest Cities in the World in 1950 (with a map)

Click here to take the quiz!

General Stats

  • This quiz has been taken 1,170 times
  • The average score is 19 of 20

Answer Stats

Population City % Correct
12.3 millNew York
99%
11.3 millTokyo
99%
8.4 milLondon
99%
6.3 milParis
99%
3.3 milBerlin
98%
5.4 milMoscow
98%
3.4 milMexico City
98%
4.0 milLos Angeles
97%
2.5 milCairo
97%
3.0 milRio de Janeiro
96%
5.0 milChicago
95%
2.9 milSt. Petersburg
95%
5.1 milBuenos Aires
93%
2.6 milBoston
93%
2.9 milBombay
92%
4.3 milShanghai
91%
2.8 milDetroit
88%
3.1 milPhiladelphia
86%
7.0 milOsaka
84%
4.5 milCalcutta
76%

Score Distribution

Percentile by Number Answered

Percent of People with Each Score

Your Score History

You have not taken this quiz